Five Country Shapes in the World Map by Continent #1 - Statistics

General Stats
  • This quiz has been taken 3,602 times
  • The average score is 29 of 30
Answers on the Map
Answers color-coded by a green-red scale on the quiz's map according to % correct below.
 
Answer Stats
Continent Country % Correct
North America Canada
100%
South America Chile
99%
North America Cuba
99%
Europe Germany
99%
Europe Italy
99%
Africa Madagascar
99%
Europe Portugal
99%
Europe United Kingdom
99%
South America Colombia
98%
Asia Indonesia
98%
Asia Kazakhstan
98%
Africa Morocco
98%
Oceania New Zealand
98%
South America Peru
98%
South America Uruguay
98%
Asia Iraq
97%
Asia Pakistan
97%
Asia South Korea
97%
Europe Belarus
96%
Africa Sudan
96%
South America Guyana
95%
North America Costa Rica
94%
North America Guatemala
94%
Africa Niger
94%
Africa Namibia
92%
North America Jamaica
91%
Oceania Solomon Islands
89%
Oceania Micronesia
88%
Oceania Marshall Islands
86%
Oceania Nauru
84%
No matching quizzes found
Score Distribution
Percent of People with Each Score
Percentile by Number Answered
Your Score History
You have not taken this quiz